Statistics for Warsaw Radom Airport Destinations (Radom, Poland)

Click here to take the quiz!

General Stats

  • This quiz has been taken 22 times
  • The average score is 3 of 9

Answer Stats

AirlineDestination% Correct
LOT Polish AirlinesParis (Charles de Gaulle)
81%
LOT Polish AirlinesRome (Fiumicino)
81%
Enter Air/LOT Polish AirlinesTirana
31%
Enter Air/LOT Polish AirlinesAntalya
25%
Skyline Express AirlinesSharm El Sheikh
25%
Wizz AirLarnaca
19%
LOT Polish AirlinesPodgorica
6%
LOT Polish AirlinesPreveza/Lefkada
6%
LOT Polish AirlinesOhrid
0%

Score Distribution

Percentile by Number Answered

Percent of People with Each Score

Your Score History

You have not taken this quiz